Activities of the conference resolutions of the Council of ministers of transport and reports approved in 1999

Salvato in:
Dettagli Bibliografici
Natura: Libro
Lingua:inglese
Pubblicazione: Paris ECMT 2000
Soggetti:
Tags: Aggiungi Tag
Nessun Tag, puoi essere il primo ad aggiungerne!!

MARC

LEADER 00000nam a2200000 4500
001 c123848
005 20221108082610.0
020 |a 92-821-1268-3 
041 0 |a eng 
044 |a FR 
245 1 0 |a Activities of the conference  |b resolutions of the Council of ministers of transport and reports approved in 1999 
264 1 |a Paris  |b ECMT  |c 2000 
300 |a 230 s. 
610 2 0 |a doprava 
610 2 0 |a integrácia ekonomická medzinárodná 
610 2 0 |a politika dopravná 
610 2 0 |a hospodárstvo dopravné